Ειδική αγωγή και εκπαίδευση : η "διά" της ειδικής αγωγής πρόταση εκπαίδευσης των παιδιών και νέων με ιδιαιτερότητες
Saved in:
| Main Author: | |
|---|---|
| Format: | Book |
| Language: | Greek |
| Published: |
Πάτρα :
Opportuna,
2017.
|
| Subjects: | |
| Tags: |
Add Tag
No Tags, Be the first to tag this record!
|
MARC
| LEADER | 00000cam a2200000 a 4500 | ||
|---|---|---|---|
| 001 | 1/125084 | ||
| 008 | 220617s2017####gr a ||| |||| ||gre|| | ||
| 020 | |a 9789605530327 | ||
| 040 | |a GR-MyUa |b gre |c GR-MyUa |e AACR2 | ||
| 041 | 0 | |a gre | |
| 082 | 7 | |a 371.9 |2 (23) | |
| 100 | 1 | |a Δροσινού-Κορέα, Μαρία. | |
| 245 | 1 | 0 | |a Ειδική αγωγή και εκπαίδευση : |b η "διά" της ειδικής αγωγής πρόταση εκπαίδευσης των παιδιών και νέων με ιδιαιτερότητες / |c Μαρία Δροσινού-Κορέα. |
| 260 | |a Πάτρα : |b Opportuna, |c 2017. | ||
| 300 | |a 898 σ. : |b εικ. ; |c 24 εκ. | ||
| 504 | |a Βιβλιογραφία: σ. 875-882. | ||
| 650 | 0 | |a Children with disabilities |x Education |z Greece. | |
| 650 | 0 | |a Special education |z Greece. | |
| 852 | |a INST |b LESVOS |c EUDOXUS |e 20220617 |h 371.9 ΔΡΟ |p 005100063419 |q 005100063419 |t EDX |y 0 | ||
| 920 | |a Εύδοξος |b Παραγγελία |y Λέσβος-ΤΚΑΙ |z 2022-05 | ||
| 970 | |a Καμάτσου |b Δέσποινα |z 17-06-2022 | ||